000 00742nam a2200289Ia 4500
005 20260324132851.0
008 008 260324s9999 xx 000 0 eng d
020 _a9780203326374
037 _aEBOOK
040 _aCRL
040 _beng
040 _cCRL
041 _2eng
041 _aeng
084 _qCRL
100 _aC. H. Payne; From the Relations of Fernão Guerreiro
_91190923
245 0 _aJahangir and the Jesuits
245 0 _bWith an Account of the Benedict Goes and the Mission to Pegu
260 _bTaylor and Francis
260 _c2004
365 _a
365 _b130
856 _uhttp://www.taylorfrancis.com/books/9780203326374
942 _cEBOOK
999 _c1789406
_d1789406